Veletrhy nezmizí, vystavovatelé jim věrí víc než před koronakrizí

Význam veľtrhov pre ekonomiku a systém integrovanej marketingovej komunikácie. Vplyv pandémie COVID-19 na veľtrhy. Hlavné dôvody a význam pre účasť vystavovateľov na veľtrhu. Analýza prieskumu realizovaného spoločnosťou Veletrhy Brno v roku 2021. Hodnota, zmysel a kľúčové vlastnosti veľtrhov pre fir...

Descripción completa

Guardado en:
Detalles Bibliográficos
Autor principal: Bílek, Jaroslav
Formato: Capítulo de libro
Lenguaje:checo
Materias:
Etiquetas: Agregar Etiqueta
Sin Etiquetas, Sea el primero en etiquetar este registro!

MARC

LEADER 00000naa a2200000 4500
001 0277390
005 20210722103145.0
041 0 |a cze 
044 |a CZ 
245 1 0 |a Veletrhy nezmizí, vystavovatelé jim věrí víc než před koronakrizí  |c Jaroslav Bílek 
520 |a Význam veľtrhov pre ekonomiku a systém integrovanej marketingovej komunikácie. Vplyv pandémie COVID-19 na veľtrhy. Hlavné dôvody a význam pre účasť vystavovateľov na veľtrhu. Analýza prieskumu realizovaného spoločnosťou Veletrhy Brno v roku 2021. Hodnota, zmysel a kľúčové vlastnosti veľtrhov pre firmy. Vlastnosti veľtrhov pomáhajúce budovať biznis. On-line platformy veľtrhov vs. klasická účasť na veľtrhu. URBIS SMART CITY FAIR 2021 - spoločenská zodpovednosť a trvalá udržateľnosť. Budúcnosť veľtrhov. 
610 2 0 |a veľtrhy 
610 2 0 |a koronavírus 
610 2 0 |a pandémia 
610 2 0 |a firmy 
610 2 0 |a rast podniku 
610 2 0 |a marketing 
100 1 |a Bílek, Jaroslav